<?xml version="1.0" encoding="UTF-8"?>
<record
    xmlns:xsi="http://www.w3.org/2001/XMLSchema-instance"
    xsi:schemaLocation="http://www.loc.gov/MARC21/slim http://www.loc.gov/standards/marcxml/schema/MARC21slim.xsd"
    xmlns="http://www.loc.gov/MARC21/slim">

  <leader>00596nam a22001697a 4500</leader>
  <datafield tag="999" ind1=" " ind2=" ">
    <subfield code="c">178110</subfield>
    <subfield code="d">178110</subfield>
  </datafield>
  <datafield tag="010" ind1=" " ind2=" ">
    <subfield code="a">MAL-9235</subfield>
  </datafield>
  <datafield tag="020" ind1=" " ind2=" ">
    <subfield code="a">978-93-5390-371-8</subfield>
    <subfield code="c">110.00</subfield>
  </datafield>
  <datafield tag="035" ind1=" " ind2=" ">
    <subfield code="a">MA-8692</subfield>
  </datafield>
  <datafield tag="082" ind1=" " ind2=" ">
    <subfield code="a">894.8123</subfield>
    <subfield code="b">GRA</subfield>
  </datafield>
  <datafield tag="100" ind1=" " ind2=" ">
    <subfield code="a">&#xD17;&#xD4D;&#xD30;&#xD47;&#xD38;&#xD3F;  </subfield>
  </datafield>
  <datafield tag="245" ind1=" " ind2=" ">
    <subfield code="a">&#xD30;&#xD23;&#xD4D;&#xD1F;&#xD41;  &#xD1A;&#xD30;&#xD3F;&#xD24;&#xD4D;&#xD30;&#xD15;&#xD3E;&#xD30;&#xD28;&#xD4D;&#xD2E;&#xD3E;&#xD30;&#xD41;&#xD02; &#xD12;&#xD30;&#xD41; &#xD2F;&#xD41;&#xD35;&#xD24;&#xD3F;&#xD2F;&#xD41;&#xD02; </subfield>
    <subfield code="c">&#xD17;&#xD4D;&#xD30;&#xD47;&#xD38;&#xD3F;  </subfield>
  </datafield>
  <datafield tag="246" ind1=" " ind2=" ">
    <subfield code="a">RANDU CHARITHRAKARANMARUM ORU YUVATHIYUM</subfield>
  </datafield>
  <datafield tag="260" ind1=" " ind2=" ">
    <subfield code="a">Kottayam  Kerala</subfield>
    <subfield code="b">DC books </subfield>
    <subfield code="c">2020</subfield>
  </datafield>
  <datafield tag="270" ind1=" " ind2=" ">
    <subfield code="a">Dc books Kottayam  Kerala</subfield>
  </datafield>
  <datafield tag="300" ind1=" " ind2=" ">
    <subfield code="a">94p.</subfield>
    <subfield code="b">20cm(pbk)</subfield>
  </datafield>
  <datafield tag="942" ind1=" " ind2=" ">
    <subfield code="2">ddc</subfield>
    <subfield code="c">MA</subfield>
    <subfield code="h">894.8123</subfield>
    <subfield code="m">GRA</subfield>
  </datafield>
  <datafield tag="952" ind1=" " ind2=" ">
    <subfield code="0">0</subfield>
    <subfield code="1">0</subfield>
    <subfield code="4">0</subfield>
    <subfield code="7">0</subfield>
    <subfield code="8">NFIC</subfield>
    <subfield code="a">DBAD</subfield>
    <subfield code="b">DBAD</subfield>
    <subfield code="d">2021-03-17</subfield>
    <subfield code="e">DBAD/PUB</subfield>
    <subfield code="g">110.00</subfield>
    <subfield code="l">0</subfield>
    <subfield code="o">894.8123 GRA</subfield>
    <subfield code="p">MA-8692</subfield>
    <subfield code="r">2021-03-17 00:00:00</subfield>
    <subfield code="t">1</subfield>
    <subfield code="v">110.00</subfield>
    <subfield code="w">2021-03-17</subfield>
    <subfield code="y">MA</subfield>
  </datafield>
</record>
